000 00698cam a2200181 4500
001 WS118687
008 020704n 000 0 eng u
035 _a(Sirsi) u118687
245 _aDe Bundesregierung
520 _aWeb site for the German government in German, English, French and Spanish. Includes pages for each ministry, press releases and access to the journal 'Deutschland', a magazine on politics, culture, business and science.
650 _aEUROPE
650 _aGERMANY
650 _aGOVERNMENT
650 _aINTERNATIONAL
690 _aINTERNATIONAL-EUROPE
856 4 0 _uhttps://www.bundesregierung.de
_zView the website free of charge at www.bundesregierung.de...
942 _n0
999 _c120069
_d120069